00728nam a2200241 a 4500001001300000003000900013005001700022008004100039020002300080082001800103100002000121245004600141260004000187300000900227500003500236505002500271650001900296700002000315902000800335942000700343952011900350999001700469nice12345678IN_TiNIC20260116014132.0090325s2007 newa grp 000 0 eng  a8125035095 c32500a320.0954bMEN aMenon, Nivedita aPower and Contestationb India Since 1989 aNew Delhi bOrient Blackswan c2007 a219p aincludes index and biblioraphy2 anotes, biblio, index aPolitics-India1 aMenon, Nivedita bSRS cBK 001040708StackRoom-aHMIbHMId2009-03-25g325.00l0o320.0954 MENp022720r2009-03-25v325.00w2009-03-25yBK c14029d14029